| 000 | 00000nam 2200000zi 4500 |
| 001 | 9.869125 |
| 003 | CaOODSP |
| 005 | 20241118091535 |
| 006 | m o d f |
| 007 | cr ||||||||||| |
| 008 | 191030t20192019onc o f000 0 eng d |
| 020 | |a9780660298276 |
| 040 | |aCaOODSP|beng|erda|cCaOODSP |
| 043 | |an-cn--- |
| 086 | 1 |aEn4-94/5-2019E-PDF |
| 245 | 00|aTank tip 5 : |bhandling leaks. |
| 264 | 1|a[Ottawa] : |bEnvironment and Climate Change Canada = Environnement et Changement climatique Canada, |c[2019]. |
| 264 | 4|c©2019 |
| 300 | |a1 online resource (2 unnumbered pages) |
| 336 | |atext|btxt|2rdacontent |
| 337 | |acomputer|bc|2rdamedia |
| 338 | |aonline resource|bcr|2rdacarrier |
| 500 | |aIssued also in French under title: Sachez stocker 5 : gestion des fuites. |
| 500 | |aCaption title. |
| 520 | |a"The Storage Tank Systems for Petroleum Products and Allied Petroleum Products Regulations require that owners and operators of storage tank systems take immediate action if they discover or suspect a leak"--Page [1]. |
| 650 | 0|aOil storage tanks|xLaw and legislation|zCanada. |
| 650 | 0|aPetroleum products|xStorage|xLaw and legislation|zCanada. |
| 710 | 1 |aCanada. |bEnvironment and Climate Change Canada. |
| 775 | 08|tSachez stocker 5 : |w(CaOODSP)9.869127 |
| 794 | |tTank tip 5 : |b(2023)|w(CaOODSP)9.919531 |
| 856 | 40|qPDF|s889 KB|uhttps://publications.gc.ca/collections/collection_2019/eccc/En4-94-5-2019-eng.pdf |